|
|
|
|
| LEADER |
00000naa2a2200000 4500 |
| 001 |
129618 |
| 005 |
20240212155627.0 |
| 035 |
|
|
|a (RuTPU)RU\TPU\book\140305
|
| 090 |
|
|
|a 129618
|
| 100 |
|
|
|a 20080125d2005 k y0rusy50 ca
|
| 101 |
0 |
|
|a rus
|
| 102 |
|
|
|a RU
|
| 200 |
1 |
|
|a Использование аппарата математического моделирования при выявлении потенциала энергосбережения на примере Томской ТЭЦ-3
|f В. Е. Губин [и др.]
|
| 463 |
|
0 |
|0 (RuTPU)RU\TPU\book\117436
|t Энергоэффективность, энергосбережение и энергетическая безопасность регионов России
|o VI Всероссийское совещание , 16-17 ноября 2005 г., Томск
|o материалы докладов
|f Томский политехнический университет; под ред. В. Я. Ушакова
|v С. 47-49
|d 2005
|p 125 с.
|
| 610 |
1 |
|
|a математическое моделирование
|
| 610 |
1 |
|
|a энергосбережение
|
| 610 |
1 |
|
|a Томск
|
| 610 |
1 |
|
|a ТЭЦ-3
|
| 610 |
1 |
|
|a труды учёных ТПУ
|
| 701 |
|
1 |
|a Губин
|b В. Е.
|c специалист в области энергетики
|c доцент Томского политехнического университета, кандидат технических наук
|f 1976-
|g Владимир Евгеньевич
|3 (RuTPU)RU\TPU\pers\25985
|9 11834
|
| 701 |
|
1 |
|a Максимов
|b К. А.
|
| 701 |
|
1 |
|a Матвеев
|b А. С.
|c специалист в области теплоэнергетики
|c доцент Томского политехнического университета, кандидат технических наук
|f 1978-
|g Александр Сергеевич
|3 (RuTPU)RU\TPU\pers\25678
|9 11589
|
| 701 |
|
1 |
|a Шевелев
|b С. А.
|c специалист в области теплоэнергетики
|c старший преподаватель Томского политехнического университета
|f 1983-
|g Сергей Анатольевич
|3 (RuTPU)RU\TPU\pers\25536
|9 11466
|
| 801 |
|
1 |
|a RU
|b 63413507
|c 20080125
|g PSBO
|
| 801 |
|
2 |
|a RU
|b 63413507
|c 20131212
|g RCR
|
| 942 |
|
|
|c BK
|